Amber waves the economics of food, farming, natural resources, and rural America /
| Previous Title: | Agricultural outlook (Washington, D.C. : Online) FoodReview (Online) Rural America (Washington, D.C. : 2000 : Online) Amber waves |
|---|---|
| Corporate Author: | |
| Format: | Government Document Electronic Journal |
| Language: | English |
| Published: |
Washington, DC :
U.S. Dept. of Agriculture, Economic Research Service,
[2003]-
|
| Subjects: | |
| Online Access: | Full text available from Research Library: 06/01/2003 to present |
MARC
| LEADER | 00000nas a2200000 a 4500 | ||
|---|---|---|---|
| 001 | ssj0023081 | ||
| 003 | WaSeSS | ||
| 005 | 20200512172242.0 | ||
| 006 | m d | ||
| 007 | cr n | ||
| 008 | 030312c20039999dcuqr p ss f0 a0eng c | ||
| 010 | |a 2003230413 | ||
| 016 | 7 | |a 101206462 |2 DNLM | |
| 022 | |a 1545-875X |l 1545-8741 |y 1545-8741 | ||
| 035 | |a (WaSeSS)ssj0023081 | ||
| 037 | |a 701-056-00000-1 |b Paper subscription available from: Supt. of Docs., P.O. Box 979050, St. Louis, MO 63197-9000 | ||
| 037 | |b Amber Waves, USDA/ERS, Rm. S2013, 1800 M Street, Washington, DC 20036-5831 | ||
| 040 | |a GPO |b eng |c GPO |d AGL |d NSD |d OCLCQ |d NLM |d OCLCQ |d MUQ |d OCLCQ |d UQ1 |d OCLCQ |d GPO |d OCLCQ |d AGL |d OCLCA |d OCLCQ |d OCLCA |d IAD |d OCLCF |d OCLCA |d OCLCO |d OCLCQ |d OCLCO |d OCLCQ |d OCLCO |d CUS |d OCLCO |d RCE |d OCLCA |d WaSeSS | ||
| 042 | |a pcc |a nsdp | ||
| 043 | |a n-us--- | ||
| 060 | 0 | 0 | |a W1 |
| 070 | 0 | |a aHD1751 |b .A52 | |
| 072 | 0 | |a E100 | |
| 072 | 0 | |a E550 | |
| 072 | 0 | |a P000 | |
| 074 | |a 0042-D-02 (online) | ||
| 082 | 1 | 0 | |a 338 |2 13 |
| 086 | 0 | |a A 93.62: | |
| 222 | 0 | |a Amber waves |b (Online) | |
| 245 | 0 | 0 | |a Amber waves |h [electronic resource] : |b the economics of food, farming, natural resources, and rural America / |c United States Department of Agriculture, Economic Research Service. |
| 260 | |a Washington, DC : |b U.S. Dept. of Agriculture, Economic Research Service, |c [2003]- | ||
| 310 | |a Quarterly, |b 2009- | ||
| 321 | |a Five no. a year (Feb., Apr., June, Sept., and Nov.), |b 2003-2008 | ||
| 362 | 0 | |a Vol. 1, issue 1 (Feb. 2003)- | |
| 500 | |a Title from title screen (publisher's Web site, viewed on Aug. 6, 2003). | ||
| 506 | |a License restrictions may limit access. | ||
| 515 | |a Special issues for July 2006 and May 2007 not numbered. | ||
| 538 | |a Mode of access: Internet at the ERS web site. Address as of 02/26/03: http://www.ers.usda.gov/; current access is available via PURL. | ||
| 580 | |a Merger of: Agricultural outlook (Washington, D.C. : Online); FoodReview (Online); and: Rural America (Washington, D.C. : 2000 : Online). | ||
| 580 | |a Beginning in 2012, issued in online format only. | ||
| 588 | |a Latest issue consulted: Vol. 9, issue 4 (Dec. 2011). | ||
| 650 | 0 | |a Agriculture |x Economic aspects |z United States |v Statistics |v Periodicals. | |
| 650 | 0 | |a Environmental economics |z United States |v Statistics |v Periodicals. | |
| 650 | 1 | 2 | |a Agriculture |x economics. |
| 650 | 2 | 2 | |a Food Supply |x economics. |
| 650 | 2 | 2 | |a Commerce |x economics. |
| 650 | 2 | 2 | |a Food Technology |x economics. |
| 650 | 6 | |a Agriculture |x Aspect économique |z États-Unis |v Statistiques |v Périodiques. | |
| 650 | 6 | |a Économie de l'environnement |z États-Unis |v Statistiques |v Périodiques. | |
| 650 | 6 | |a Développement rural |z États-Unis |v Statistiques |v Périodiques. | |
| 650 | 7 | |a Agriculture |x Economic aspects. |2 fast |0 (OCoLC)fst00801415 | |
| 650 | 7 | |a Environmental economics. |2 fast |0 (OCoLC)fst00912895 | |
| 650 | 1 | 7 | |a Agriculture. |2 rasuqam |
| 650 | 7 | |a Développement rural. |2 rasuqam | |
| 650 | 7 | |a Économie de l'environnement. |2 rasuqam | |
| 650 | 7 | |a Ressources naturelles. |2 rasuqam | |
| 650 | 7 | |a Approvisionnement alimentaire. |2 rasuqam | |
| 651 | 2 | |a United States. | |
| 651 | 7 | |a United States. |2 fast |0 (OCoLC)fst01204155 | |
| 651 | 7 | |a États-Unis. |2 rasuqam | |
| 655 | 0 | |a Electronic journals. | |
| 710 | 1 | |a United States. |b Department of Agriculture. |b Economic Research Service. | |
| 776 | 0 | 8 | |i Print version: |t Amber waves |x 1545-8741 |w (DLC) 2003220064 |w (OCoLC)51871716 |
| 780 | 1 | 4 | |t Agricultural outlook (Washington, D.C. : Online) |w (DLC)sn 97015071 |w (OCoLC)36667217 |
| 780 | 1 | 4 | |t FoodReview (Online) |w (DLC)sn 99015199 |w (OCoLC)38735060 |
| 780 | 1 | 4 | |t Rural America (Washington, D.C. : 2000 : Online) |w (DLC) 00230316 |w (OCoLC)44605252 |
| 780 | 0 | 0 | |t Amber waves |x 1545-8741 |w (DLC) 2003220064 |w (OCoLC)51871716 |
| 856 | 4 | 0 | |z Full text available from Research Library: 06/01/2003 to present |u https://search.proquest.com/publication/42620 |